UM Logo

Nursing research/ (Record no. 3299)

MARC details
000 -LEADER
fixed length control field 00663nam a22001937a 4500
008 - FIXED-LENGTH DATA ELEMENTS--GENERAL INFORMATION
fixed length control field 160707b xxu||||| |||| 00| 0 eng d
020 ## - INTERNATIONAL STANDARD BOOK NUMBER
International Standard Book Number 0781756634
082 ## - DEWEY DECIMAL CLASSIFICATION NUMBER
Edition number 2004
Classification number DC 610.73072
Item number P76n
100 ## - MAIN ENTRY--PERSONAL NAME
9 (RLIN) 10999
Personal name Polit, Denise F.
245 ## - TITLE STATEMENT
Title Nursing research/
Statement of responsibility, etc. Denise F. Polit and Cheryl Tatano Beck.
250 ## - EDITION STATEMENT
Edition statement 7th Edition
260 ## - PUBLICATION, DISTRIBUTION, ETC. (IMPRINT)
Place of publication, distribution, etc. Philadelphia:
Name of publisher, distributor, etc. Lippincot Williams & Wilkins,
Date of publication, distribution, etc. c2004.
300 ## - PHYSICAL DESCRIPTION
Extent xvii, 758 pages:
Other physical details illustrations;
Dimensions 23 cm.
500 ## - GENERAL NOTE
General note Includes appendix, glossary and index.<br/>
650 #0 - SUBJECT ADDED ENTRY--TOPICAL TERM
9 (RLIN) 11000
Topical term or geographic name as entry element Nursing
General subdivision Research
-- Methodology
700 ## - ADDED ENTRY--PERSONAL NAME
9 (RLIN) 11001
Personal name Beck, Cheryl Tatano
Relator term Author
365 ## - TRADE PRICE
Price type code Php
Price amount 548.00
942 ## - ADDED ENTRY ELEMENTS (KOHA)
Source of classification or shelving scheme Dewey Decimal Classification
Koha item type Circulation
Holdings
Withdrawn status Lost status Source of classification or shelving scheme Damaged status Not for loan Collection code Home library Current library Shelving location Date acquired Source of acquisition Total Checkouts Full call number Barcode Date last seen Copy number Price effective from Koha item type Cost, replacement price
    Dewey Decimal Classification     Circulation UM Digos College - LIC UM Digos College - LIC Book Cart 09/29/2007 Purchased   DC 610.73072 P76n 2004 19351 05/15/2025 3 07/07/2016 Circulation  
    Dewey Decimal Classification     Circulation UM Digos College - LIC UM Digos College - LIC     Purchased   DC 610.73072 P76n 2004 18653 05/15/2025 2 07/07/2016 Circulation  
    Dewey Decimal Classification     Circulation UM Digos College - LIC UM Digos College - LIC   09/20/2006 Purchased   DC 610.73072 P76n 2004 18652 05/15/2025 1 10/15/2016 Circulation 548.00